00450 2200181 4500001002100000005001500021008004100036020002200077035001900099041000700118082000800125090001400133100002100147245002200168260003100190300002000221650002700241INLIS00000000001502620241224114845241224||||||||| | ||| |||| || |  a978-979-010-011-4 0010-1224015026 aid0 a576 a576 PUR f0 aTjahjadi Purwoko00aFISIOLOGI MIKROBA aJakartabBumi Aksarac2009 axii,286hlm;23cm 0aILMU TENTANG KEHIDUPAN